| 000 | 00935nas a2200277 4500 | ||
|---|---|---|---|
| 001 | BR2012004944 | ||
| 003 | BR-BrBNA | ||
| 005 | 20231205120825.0 | ||
| 007 | ta | ||
| 008 | 230509b bl.|||p| |||| 00| 00por d | ||
| 040 |
_aBR-BrBNA _bpor _cBiblioteca Nacional de Agricultura |
||
| 041 | _a(Pt) | ||
| 072 | _aK10; E11 | ||
| 100 | 1 | _aBarni, P.E. | |
| 100 | 1 | _aFearnside, P.M. | |
| 100 | 1 | _aGraça, P.M.L. de A. | |
| 245 | 1 | _aDesmatamento no sul do estado de Roraima: padrões de distribuição em função de projetos de assentamento do INCRA e da distância das principais rodovias (BR-174 e BR-210) | |
| 650 | _aDESMATAMENTO | ||
| 650 | _aASSENTAMENTO | ||
| 650 | _aEXPLORAÇÃO FLORESTAL | ||
| 650 | _aMADEIRA | ||
| 650 | _aSENSORIAMENTO REMOTO | ||
| 773 | 0 |
_tActa Amazonica (Brazil) _xISSN 0044-5967 _g(Jun 2012), v. 42(2) p. 195-204 _wBR2012004944 |
|
| 909 |
_a202311 _bLúcia _c55 _dLúcia Elande |
||
| 942 |
_2AGRIS _n0 _cANA |
||
| 999 |
_c220497 _d220497 |
||